सीखे जीवनः जीने की कला / (Record no. 50209)

MARC details
000 -LEADER
fixed length control field 01137nam a22002777a 4500
005 - DATE AND TIME OF LATEST TRANSACTION
control field 20110127111440.0
008 - FIXED-LENGTH DATA ELEMENTS--GENERAL INFORMATION
fixed length control field 110127t xxu||||| |||| 00| 0 hin d
010 ## - LCCN (DPL NO)
LC control number HIN-91678
020 ## - INTERNATIONAL STANDARD BOOK NUMBER
Terms of availability 300.00
International Standard Book Number 9788128827662
035 ## - SYSTEM CONTROL NUMBER
System control number HN-64024
037 ## - SOURCE OF ACQUISITION
Source of stock number/acquisition DBAD / PUB
040 ## - CATALOGING SOURCE
Original cataloging agency DPL
Language of cataloging HN
082 ## - DEWEY DECIMAL CLASSIFICATION NUMBER
Classification number 158.1
100 ## - MAIN ENTRY--PERSONAL NAME
9 (RLIN) 25632
Personal name शशिकांत सदैव
245 ## - TITLE STATEMENT
Title सीखे जीवनः जीने की कला /
Statement of responsibility, etc शशिकांत सदैव
246 ## - VARYING FORM OF TITLE
Title proper/short title Sikhen jivan jine ki kala
Remainder of title by Shashi Kant 'Sadav'
260 ## - PUBLICATION, DISTRIBUTION, ETC. (IMPRINT)
Place of publication, distribution, etc गाजियाबाद
Name of publisher, distributor, etc नीरा प्रकाशन
Date of publication, distribution, etc 2010
270 ## - ADDRESS
Address के-जी-63, न्यू कवि नगर
City गाजियाबाद (उ.प्र.)
300 ## - PHYSICAL DESCRIPTION
Extent 205पृ.
Dimensions 22सेमी (सजिल्द)
650 ## - SUBJECT ADDED ENTRY--TOPICAL TERM
9 (RLIN) 657
650 ## - SUBJECT ADDED ENTRY--TOPICAL TERM
9 (RLIN) 25656
700 ## - ADDED ENTRY--PERSONAL NAME
9 (RLIN) 25634
700 ## - ADDED ENTRY--PERSONAL NAME
9 (RLIN) 25670
942 ## - ADDED ENTRY ELEMENTS (KOHA)
Source of classification or shelving scheme Dewey Decimal Classification
Item type Hindi Books
Classification part 158.1
Call number suffix शशिकां
Holdings
Withdrawn status Lost status Source of classification or shelving scheme Damaged status Not for loan Collection code Home library Current library Date acquired Source of acquisition Cost, normal purchase price Total Checkouts Full call number Barcode Date last seen Copy number Cost, replacement price Koha item type
    Dewey Decimal Classification   Not For Loan Non-fiction D.B.Act.Division D.B.Act.Division 28/01/2011 DBAD /PUB 300.00   158.1 शशिकां HN-64024 28/01/2011 1 300.00 Hindi Books

© Delhi Public Library
Hit Counter
free hit counter